000 00408nam a2200157Ia 4500
005 20240515021917.0
008 240331s9999 xx 000 0 und d
082 _bGLO
_a330
245 0 _aGlobalization :
_bthe Imperial thrust of modernity
260 _aMumbai
_bVikas Adhyayan Kendra
_c2002
300 _axvi, 117 p .,
650 _aSocial
650 _aEconomic
700 _aKoshy, Ninan
_eedt
942 _cL
999 _c2556
_d2556